Estudio prospectivo de las regiones del Mediterraneo oeste. (Record no. 13441)

MARC details
000 -LEADER
campo de control de longitud fija 00862nam a2200229 i 4500
001 - NÚMERO DE CONTROL
campo de control 13441
003 - IDENTIFICADOR DE NÚMERO DE CONTROL
campo de control ES-MaACL
005 - FECHA Y HORA DE LA ÚLTIMA TRANSACCIÓN
campo de control 20230906150558.0
007 - CAMPO FIJO DE DESCRIPCIÓN FÍSICA--INFORMACIÓN GENERAL
campo de control de longitud fija t|
008 - DATOS DE LONGITUD FIJA--INFORMACIÓN GENERAL
campo de control de longitud fija 980318s1995 lu |||| | spa d
020 ## - NÚMERO INTERNACIONAL ESTÁNDAR DEL LIBRO
Número Internacional Estándar del Libro 92-826-8663-9
245 00 - MENCIÓN DEL TÍTULO
Título Estudio prospectivo de las regiones del Mediterraneo oeste.
260 ## - PUBLICACIÓN, DISTRIBUCIÓN, ETC.
Lugar de publicación, distribución, etc. Luxemburgo :
Nombre del editor, distribuidor, etc. Oficina de Publicaciones Oficiales de las Comunidades Europeas,
Fecha de publicación, distribución, etc. 1995.
300 ## - DESCRIPCIÓN FÍSICA
Extensión 216 p. ;
Dimensiones 30 cm.
490 1# - MENCIÓN DE SERIE
Mención de serie Estudios de desarrollo regional ;
Designación de volumen o secuencia 11
650 #4 - PUNTO DE ACCESO ADICIONAL DE MATERIA--TÉRMINO DE MATERIA
Término de materia o nombre geográfico como elemento de entrada Ordenación del territorio-
Subdivisión geográfica Países de la Unión Europea.
9 (RLIN) 170052
651 #4 - PUNTO DE ACCESO ADICIONAL DE MATERIA--NOMBRE GEOGRÁFICO
Nombre geográfico Países de la Unión Europea-
Subdivisión general Situación económica.
9 (RLIN) 9180
710 2# - ENTRADA AGREGADA--NOMBRE DE ENTIDAD CORPORATIVA
Nombre de entidad corporativa o nombre de jurisdicción como elemento de entrada Oficina de Publicaciones Oficiales de las Comunidades Europeas.
9 (RLIN) 142755
830 0# - PUNTO DE ACCESO ADICIONAL DE SERIE-TÍTULO UNIFORME
Título uniforme Estudios de desarrollo regional ;
Designación de volumen o secuencia 11
9 (RLIN) 187342
852 ## - LOCALIZACIÓN
Ubicación ES-MaACL
Número de control de estantería L-20696
Holdings
Estatus retirado Estado de pérdida Estado de daño No para préstamo Biblioteca de origen Biblioteca actual Ubicación en estantería Fecha de adquisición Fuente de adquisición Total de préstamos Signatura topográfica completa Código de barras Visto por última vez Precio de reemplazo Tipo de ítem Koha
        Biblioteca del Ateneo de Madrid Biblioteca del Ateneo de Madrid Depósito 2 17/01/2008     L-20696 1013684 23/02/2023 23/02/2023 Libro impreso